|
|
|
|
| LEADER |
00000cam a2200000 7i4500 |
| 001 |
0000091002 |
| 005 |
20120607.0 |
| 008 |
120117 bm |
| 020 |
|
|
|a 9789830972596
|
| 090 |
0 |
0 |
|a 297.577 HAS
|
| 100 |
1 |
|
|a Hasrizal Abdul Jamil
|
| 245 |
1 |
0 |
|a Aku Terima Nikahnya 3 :
|b Muraddi Cinta
|c Hasrizal Abdul Jamil
|
| 260 |
|
|
|a Selangor :
|b Galeri Ilmu Sdn. Bhd. ,
|c 2011
|
| 300 |
|
|
|a x,278p. ;
|c 22cm.
|
| 650 |
0 |
0 |
|a Man-woman relationships
|x Religious aspects
|x Islam
|
| 999 |
|
|
|a 0000120166
|b Buku
|c Rak Terbuka
|e Perbadanan Perpustakaan Awam Melaka
|
| 999 |
|
|
|a 0000120167
|b Buku
|c Rak Terbuka
|e Perpustakaan Cawangan Jasin
|
| 999 |
|
|
|a 0000120168
|b Buku
|c Rak Terbuka
|e Perpustakaan Cawangan Masjid Tanah
|
| 999 |
|
|
|a 0000120169
|b Buku
|c Rak Terbuka
|e Perpustakaan Cawangan Merlimau
|
| 999 |
|
|
|a 0000120170
|b Buku
|c Rak Terbuka
|e Perbadanan Perpustakaan Awam Melaka
|
| 999 |
|
|
|a 0000120171
|b Buku
|c Rak Terbuka
|e Perpustakaan Komuniti UTC Melaka
|